| 000 | 00955nam a22002777a 4500 | ||
|---|---|---|---|
| 999 |
_c33460 _d33460 |
||
| 001 | 2687 | ||
| 003 | CO-MdFUSB | ||
| 005 | 20171116111908.0 | ||
| 008 | 171116t1999 sp ||||| |||| 00| 0 spa d | ||
| 020 | _a84-301-1281-2 | ||
| 040 |
_aCO-MdFUSB _bspa _cCO-MdFUSB _dCO-MdFUSBC _erda |
||
| 041 | 0 | _aspa | |
| 082 | 0 | 4 | _aG 225.9 S3247c |
| 100 | 1 |
_aSchenke, Ludger (1940-) _eautor |
|
| 245 | 1 | 3 |
_aLa comunidad primitiva _b: Historia y teología _c/ Ludger Schenke ; Manuel Olasagasti, Traductor |
| 264 | 4 |
_aSalamanca, España : _b Sígueme, _c©1999 |
|
| 300 | _a546 Pag | ||
| 336 |
_2rdacontent _atexto _btxt |
||
| 337 |
_2rdamedia _asin mediación _bn |
||
| 338 |
_2rdacarrier _avolumen _bnc |
||
| 500 | _aTítulo original : Die urgemeinde. Geschichtliche und theologische entwicklung | ||
| 650 | 7 |
_aTeología bíblica _9320 |
|
| 653 | _aIglesia - Historia - Periodo primitivo, 30-600 | ||
| 653 | _aTeología - Historia - Periodo primitivo | ||
| 942 | _cBK | ||